00597cam a2200181Ia 4500020001500000040000800015082002600023245007100049260010700120300003900227650000900266650000900275650002100284650002100305700002200326710002500348710004200373 a0851989594 cUKM04a633 CAB 1995 A047 Or.00aModeling the impact of climate change on rice production in Asia / aWallingford :bCAB International in association with the International Rice Research Institute,cc1995 axvi, 289 p. :bill., maps ;c25 cm 0aRice 0aRice 0aClimatic changes 0aClimatic changes1 aMatthews, Robin B2 aC.A.B. International2 aInternational Rice Research Institute